[Event "HUN-chT4 1718"]
[Site "Hungary"]
[Date "2018.04.14"]
[Round "7.21"]
[White "Kutas, Lajos Jr"]
[Black "Bagoly, Adrian"]
[Result "1-0"]
[WhiteElo "1850"]
[BlackElo "1038"]
[PlyCount "87"]
[EventDate "2017.10.28"]
[EventType "team-tourn"]
[EventRounds "9"]
[EventCountry "HUN"]
[SourceTitle "EXT 2020"]
[Source "ChessBase"]
[SourceDate "2019.10.17"]
[SourceVersion "1"]
[SourceVersionDate "2019.10.17"]
[SourceQuality "1"]

1. e4 e5 2. Nf3 Nc6 3. Bc4 Bc5 4. c3 Nf6 5. 0-0 0-0 6. d4 exd4 7. cxd4 Bb6 8. e5 Ne8 9. d5 Na5 10. Bd3 c6 11. b4 cxd5 12. bxa5 Bxa5 13. Qc2 g6 14. Bh6 d6 15. Bxf8 Kxf8 16. Nbd2 Bxd2 17. Qxd2 Nc7 18. Qb4 a6 19. exd6 Ne8 20. d7+ Kg8 21. dxe8Q+ Qxe8 22. Rfe1 Qd8 23. Nd4 a5 24. Qb5 Bd7 25. Qxd5 Ra7 26. Bb5 Ra8 27. Qxd7 Qxd7 28. Bxd7 Rd8 29. Re8+ Rxe8 30. Bxe8 Kf8 31. Re1 f5 32. Bb5 Kf7 33. Nb3 h5 34. Nxa5 b6 35. Nc4 Kf6 36. f4 g5 37. Nxb6 gxf4 38. h4 Kg6 39. Re6+ Kf7 40. Bc4 Kf8 41. Nd7+ Kg8 42. Re7+ Kh8 43. Nf6 f3 44. Rh7# 1-0

[Event "HUN-chT4 1617"]
[Site "Hungary"]
[Date "2016.11.06"]
[Round "2.1"]
[White "Kiraly, Barnabas"]
[Black "Kutas, Lajos Jr"]
[Result "1/2-1/2"]
[WhiteElo "1638"]
[BlackElo "1831"]
[PlyCount "143"]
[EventDate "2016.10.02"]
[EventType "team-tourn"]
[EventRounds "7"]
[EventCountry "HUN"]
[SourceTitle "EXT 2019"]
[Source "ChessBase"]
[SourceDate "2018.10.10"]
[SourceVersion "1"]
[SourceVersionDate "2018.10.10"]
[SourceQuality "1"]

1. e4 c5 2. Nf3 d6 3. d4 cxd4 4. Nxd4 Nf6 5. Nc3 g6 6. Be3 Bg7 7. f3 0-0 8. Qd2 Nc6 9. 0-0-0 a6 10. Kb1 Nxd4 11. Bxd4 Qc7 12. h4 h5 13. Qf2 b5 14. Bd3 e5 15. Be3 Be6 16. Rc1 Qc6 17. Qd2 Rfd8 18. Rhd1 Rac8 19. Bg5 Rd7 20. Bxf6 Bxf6 21. g3 b4 22. Nd5 Bxd5 23. exd5 Qxd5 24. Bxa6 Qxd2 25. Rxd2 Rc5 26. Bd3 d5 27. c3 Rdc7 28. Rdc2 bxc3 29. Rxc3 Rxc3 30. Rxc3 Rxc3 31. bxc3 e4 32. fxe4 dxe4 33. Bxe4 Bxc3 34. Bf3 Be1 35. g4 hxg4 36. Bxg4 f5 37. Bh3 Bxh4 38. Kc2 Kf7 39. Kd3 Kf6 40. Ke3 Be1 41. a4 Kg5 42. Kf3 Ba5 43. Bf1 Kf6 44. Ke3 Ke5 45. Bg2 g5 46. Bc6 g4 47. Bd7 Bb6+ 48. Ke2 Kf4 49. Kf1 Kg5 50. Kg2 f4 51. Bc6 Bc7 52. Bb7 Kf6 53. Bc6 Bb6 54. Bd7 Kg5 55. Bc6 Ba5 56. Bb7 Be1 57. Bc6 Kf6 58. Bd7 Kg5 59. Bc6 Kh5 60. Bb7 Ba5 61. Bc6 Bc7 62. Bb7 Kg6 63. Bc6 Kf6 64. Bb7 Bd8 65. Bc8 Kg5 66. Bb7 Ba5 67. Bc6 Bc7 68. Bb7 Kf6 69. Bc6 Ke5 70. Kf2 Kf5 71. Bd7+ Kg5 72. Bc6 1/2-1/2

[Event "HUN-chT4 1617"]
[Site "Hungary"]
[Date "2016.10.02"]
[Round "1.1"]
[White "Kutas, Lajos Jr"]
[Black "Szabo Thomka, Daniel"]
[Result "1/2-1/2"]
[WhiteElo "1820"]
[BlackElo "1875"]
[PlyCount "67"]
[EventDate "2016.10.02"]
[EventType "team-tourn"]
[EventRounds "7"]
[EventCountry "HUN"]
[SourceTitle "EXT 2019"]
[Source "ChessBase"]
[SourceDate "2018.10.10"]
[SourceVersion "1"]
[SourceVersionDate "2018.10.10"]
[SourceQuality "1"]

1. e4 c5 2. Nf3 d6 3. d4 cxd4 4. Nxd4 Nf6 5. Nc3 a6 6. Bg5 Nbd7 7. Be2 Qc7 8. Bf3 e6 9. Qd2 Be7 10. Rd1 0-0 11. 0-0 Rd8 12. Bf4 Nb6 13. Bg3 e5 14. Nb3 Be6 15. Rfe1 Rac8 16. Qc1 Nc4 17. Nd5 Nxd5 18. exd5 Bf5 19. c3 h6 20. Be2 Bg5 21. f4 exf4 22. Bxf4 Qb6+ 23. Nd4 Nxb2 24. Bxg5 hxg5 25. Rd2 Nc4 26. Bxc4 Rxc4 27. Re3 Bg6 28. Qe1 Qc7 29. Qg3 Rc8 30. Rde2 Qd7 31. Re7 Qa4 32. R7e3 Qd7 33. Re7 Qa4 34. R7e3 1/2-1/2

[Event "HUN-chT2 Szechenyi 1112"]
[Site "Hungary"]
[Date "2011.11.13"]
[Round "3.10"]
[White "Vincze, Otto"]
[Black "Kutas, Lajos Jr"]
[Result "1-0"]
[WhiteElo "1906"]
[BlackElo "1729"]
[PlyCount "67"]
[EventDate "2011.09.25"]
[EventType "team-tourn"]
[EventRounds "11"]
[EventCountry "HUN"]
[SourceTitle "EXT 2013"]
[Source "ChessBase"]
[SourceDate "2012.11.22"]
[SourceVersion "1"]
[SourceVersionDate "2012.11.22"]
[SourceQuality "1"]
[WhiteTeam "Ajka Banyasz"]
[BlackTeam "Alsoszolnok"]
[WhiteTeamCountry "HUN"]
[BlackTeamCountry "HUN"]

1. e4 c5 2. c3 Nf6 3. e5 Nd5 4. Bc4 Nb6 5. Bb3 c4 6. Bc2 Nc6 7. Nf3 Qc7 8. Qe2 e6 9. d4 cxd3 10. Bxd3 d5 11. 0-0 Nd7 12. Re1 a6 13. Bf4 h6 14. Bg3 Be7 15. Nbd2 b5 16. Nd4 Bc5 17. N2b3 Bb7 18. Nxc6 Qxc6 19. Nd4 Qb6 20. Red1 Rc8 21. Qg4 g6 22. Re1 Be7 23. f4 Nc5 24. Rad1 h5 25. Qe2 Nxd3 26. Qxd3 Qc5 27. Bf2 Qc4 28. Qb1 Kd7 29. Re3 Qc7 30. b4 Qb8 31. f5 Bg5 32. fxe6+ fxe6 33. Qxg6 Bxe3 34. Qf7+ 1-0

[Event "HUN-chT2 Szechenyi 0304"]
[Site "Hungary"]
[Date "2003.09.28"]
[Round "1"]
[White "Suket, Jozsef"]
[Black "Kutas, Lajos Jr"]
[Result "1/2-1/2"]
[WhiteElo "1533"]
[BlackElo "1445"]
[PlyCount "73"]
[EventDate "2003.09.28"]
[EventType "team"]
[EventRounds "11"]
[EventCountry "HUN"]
[SourceTitle "EXT 2009"]
[Source "ChessBase"]
[SourceDate "2008.11.26"]
[SourceVersion "1"]
[SourceVersionDate "2008.11.26"]
[SourceQuality "1"]
[WhiteTeam "Lenti"]
[BlackTeam "Szentgotthard"]
[WhiteTeamCountry "HUN"]
[BlackTeamCountry "HUN"]

1. e4 c5 2. Nf3 d6 3. d4 cxd4 4. Nxd4 Nc6 5. Nc3 e5 6. Nb3 Be6 7. Bb5 h6 8. 0-0 a6 9. Bxc6+ bxc6 10. Qe2 Nf6 11. h3 Be7 12. f4 Qc7 13. fxe5 dxe5 14. Be3 0-0 15. Qf2 Bxb3 16. axb3 Bb4 17. Bc5 Bxc5 18. Qxc5 Qa7 19. Qxa7 Rxa7 20. Rad1 Raa8 21. Rd2 Rad8 22. Rfd1 Rxd2 23. Rxd2 Rc8 24. Kf2 Kf8 25. Kf3 Ke7 26. Na4 Nd7 27. Rxd7+ Kxd7 28. Nb6+ Kc7 29. Nxc8 Kxc8 30. Kg4 g6 31. Kf3 Kd7 32. g4 Ke6 33. b4 Kd6 34. Ke3 f6 35. c4 Ke6 36. b3 Kd6 37. Kd3 1/2-1/2